000 01700nam a2200313 a 4500
001 ebr10675189
003 CaPaEBR
006 m u
007 cr cn|||||||||
008 080430s2009 nyu sb 001 0 eng d
010 _z 2008019728
020 _z9781604562989 (softcover)
020 _z9781617281235 (e-book)
040 _aCaPaEBR
_cCaPaEBR
035 _a(OCoLC)847729213
050 1 4 _aRC392
_b.A33 2009eb
082 0 4 _a616.8/4912
_222
245 0 0 _aAdaptive mechanisms in migraine
_h[electronic resource] :
_ba comprehensive synthesis in evolution : breaking the migraine code /
_cVinod Kumar Gupta [editor].
260 _aNew York :
_bNova Science Publishers,
_cc2009.
300 _axviii, 126 p.
504 _aIncludes bibliographical references and index.
505 0 _aBackground: what ails migraine research? -- Quest for a new research paradigm for migraine: why and how -- Nausea/vomiting-vasopressin nexus in migraine -- Magnesium depletion, migraine, and cellular adaptation -- Stress, brain autonomic function, BBB, and migraine -- Pupil, eyelid, and migraine -- Prolactin, melatonin, stress, and migraine -- Evoked potentials, migraine, and arousal -- The platelet-serotonin-brain neuronal connection: milestone or millstone?
533 _aElectronic reproduction.
_bPalo Alto, Calif. :
_cebrary,
_d2013.
_nAvailable via World Wide Web.
_nAccess may be limited to ebrary affiliated libraries.
650 0 _aMigraine.
655 7 _aElectronic books.
_2local
700 1 _aGupta, Vinod Kumar,
_d1972-
710 2 _aebrary, Inc.
856 4 0 _uhttp://site.ebrary.com/lib/rucke/Doc?id=10675189
_zAn electronic book accessible through the World Wide Web; click to view
999 _c57473
_d57473